000 01714nam a2200241 4500
005 20250329165444.0
008 180125s2022 000 0 eng d
040 _aCO-CtgCURN
_bspa
_ccoctgcurn
082 0 _aINQ 2022
_bC278
100 1 _aCastillo Benítez, Ana Karina.
245 1 0 _aFactores asociados a la infección por COVID-19 en pacientes vacunados del departamento de Bolívar incluido el Distrito de Cartagena 2021 /
_cAna Karina Castillo Benítez; Daniela Isabel Escalante Bravo; Joaquín Camilo Leal Palacio; director: Jaime Alberto Lorduy Gómez.
260 _aCartagena de Indias :
_bCorporación Universitaria Rafael Nuñez,
_c2022.
300 _a95 hojas.
502 _aTrabajo de Grado. (Instrumentador Quirurgico). Corporación Universitaria Rafael Nuñez . Facultad de Ciencias de la Salud . Programa de Instrumentación Quirúrgica, 2022.
520 _a"El COVID-19 es una enfermedad infecciosa que tiene como agente etiológico el SARS-CoV-2. La infección posterior a la vacunación se ha definido en estudios de efectividad de cada una de las vacunas, sin embargo; es importante determinar el riesgo de infección y la aparición de los síntomas en las poblaciones humanas "
650 0 _aInstumentacion quirurgica
_vTesis y Disertaciones Academicas.
700 1 _aEscalante Bravo, Daniela Isabel.
700 1 _aLeal Palacio, Joaquín Camilo.
700 1 _aLorduy Gómez, Jaime Alberto,
_cdirector.
856 7 _uhttps://unicurn.sharepoint.com/:b:/s/biblioteca/ES0bFbeLJRVHvtHiJMb3jgYBY5s2hmKqsewiyyMrRS-SFw?e=0Z9lxN
_zClick aqui para ver el recurso en texto completo
942 _2ddc
_cTG
_hINQ 2022
_iC278
999 _c4601
_d4601